[Event "U-20 Pan-American Chess Championship Female 2022"]
[Site "(Pereira - Risaralda) Gran Hotel. Calle 19 # 9-19"]
[Date "2022.08.23"]
[Round "2"]
[Board "14"]
[White "Ladron De Guevara Mendez, Lorena"]
[Black "Medina Baquiro, Paula Andrea"]
[Result "1/2-1/2"]
[WhiteElo "1378"]
[BlackElo "1235"]
[PlyCount "0"]
[EventDate "2022.08.23"]
[EventRounds "9"]
[EventCountry "COL"]

1. e4 c5 2. Nf3 d6 3. d4 cxd4 4. Nxd4 Nf6 5. Bd3 Nc6 6. Nxc6 bxc6 7. c4 e6 8.
O-O Be7 9. b3 O-O 10. Bb2 Nd7 11. f4 Bf6 12. Nc3 Qb6+ 13. Kh1 Qe3 14. Rf3 Qb6
15. e5 dxe5 16. Bxh7+ Kh8 17. Rh3 Bh4 18. Rxh4 Nf6 19. fxe5 Qf2 20. Rh3 Nxh7
21. Ba3 Re8 22. Rf3 Qh4 23. Rxf7 Ng5 24. Rf8+ Rxf8 25. Bxf8 Bb7 26. Be7 c5 27.
Qd2 Nf3 28. Bxh4 Nxd2 29. Rd1 Rf8 30. Kg1 Ne4 31. Nxe4 Bxe4 32. Rd8 Rxd8 33.
Bxd8 Bb1 34. a3 Ba2 35. b4 cxb4 36. axb4 Bxc4   1/2-1/2

[Event "U-20 Pan-American Chess Championship Female 2022"]
[Site "(Pereira - Risaralda) Gran Hotel. Calle 19 # 9-19"]
[Date "2022.08.24"]
[Round "3"]
[Board "1"]
[White "Pena Gonzalez, Clara Isabel"]
[Black "Contreras Huaman, Fiorella"]
[Result "0-1"]
[WhiteElo "1833"]
[BlackElo "1948"]
[PlyCount "0"]
[EventDate "2022.08.23"]
[EventRounds "9"]
[EventCountry "COL"]

1. e4 c6 2. Nc3 d5 3. Nf3 Bg4 4. h3 Bxf3 5. Qxf3 e6 6. a3 Bc5 7. d3 Nd7 8. g3
Ne7 9. Bg2 O-O 10. O-O Ng6 11. Qe2 f5 12. Na4 Bd4 13. exd5 exd5 14. Be3 Qf6 15.
Bxd4 Qxd4 16. Qe6+ Rf7 17. Nc3 Ndf8 18. Qe3 Qf6 19. Nxd5 Qxb2 20. Qc5 Rd8 21.
Qc3 Qxc3 22. Nxc3 Ne6 23. f4 Nd4 24. Rf2 Re7 25. Rb1 Nf8 26. g4 g6 27. Kh2 Nfe6
28. gxf5 gxf5 29. Rg1 Kh8 30. h4 Nc5 31. Bh3 Rde8 32. Rg5 Re3 33. Kg2 Nce6 34.
Rg3 Rxg3+ 35. Kxg3 Ng7 36. Kg2 Nh5 37. Na4 Re3 38. c3 Rg3+ 39. Kf1 Rxh3 40.
cxd4 Rxd3 41. Nc5 Rxd4 42. Nxb7 Rxf4 43. Rxf4 Nxf4 44. Nd6 Kg7 45. Nxf5+ Kf6
46. Nd4 c5 47. Nb5 a6 48. Nc7 a5 49. Kf2 Ke5 50. Kf3 c4 51. Nb5 Nd5 52. Na7 Ne7
53. Nb5 h5 54. Na7 Kd5 55. Nb5 Kc5 56. Nc3 Ng6 57. Kg3 Kd4 58. Nb5+ Kd3 59. Nd6
c3 60. Nb5   0-1

[Event "U-20 Pan-American Chess Championship Female 2022"]
[Site "(Pereira - Risaralda) Gran Hotel. Calle 19 # 9-19"]
[Date "2022.08.24"]
[Round "3"]
[Board "2"]
[White "Garcia Andrada, Heidy Nicole"]
[Black "Acosta Angulo, Mariana Valentina"]
[Result "1-0"]
[WhiteElo "2002"]
[BlackElo "1489"]
[PlyCount "0"]
[EventDate "2022.08.23"]
[EventRounds "9"]
[EventCountry "COL"]

1. e4 c5 2. Nf3 e6 3. d4 cxd4 4. Nxd4 a6 5. c4 Nf6 6. Bd3 Nc6 7. Nc2 Be7 8. Nc3
Qc7 9. b3 b6 10. Be3 O-O 11. O-O d6 12. Be2 Ne5 13. f4 Ned7 14. Bd4 Bb7 15. Bf3
Rac8 16. Re1 Rfe8 17. e5 Bxf3 18. Qxf3 dxe5 19. fxe5 Bc5 20. exf6 Bxd4+ 21.
Nxd4 Qc5 22. Qf2 Nxf6 23. Ne4 Nxe4 24. Rxe4 Rcd8 25. Nf3 Qb4 26. Rae1 Rd3 27.
Ne5   1-0

[Event "U-20 Pan-American Chess Championship Female 2022"]
[Site "(Pereira - Risaralda) Gran Hotel. Calle 19 # 9-19"]
[Date "2022.08.24"]
[Round "3"]
[Board "3"]
[White "Pinillo Canon, Silvana"]
[Black "Diaz Charpentier, Kristel Meliss"]
[Result "0-1"]
[WhiteElo "1806"]
[BlackElo "1989"]
[PlyCount "0"]
[EventDate "2022.08.23"]
[EventRounds "9"]
[EventCountry "COL"]

1. e4 c5 2. Nf3 d6 3. Bb5+ Bd7 4. c4 Nf6 5. Nc3 a6 6. Bxd7+ Qxd7 7. d4 cxd4 8.
Nxd4 Nc6 9. O-O g6 10. f3 Bg7 11. Be3 O-O 12. Qd2 Nxd4 13. Bxd4 b5 14. cxb5
axb5 15. a3 Rfc8 16. Rfc1 Rc4 17. Be3 Rac8 18. e5 Ne8 19. f4 Qc6 20. Nd5 Qb7
21. exd6 Nxd6 22. Nb6 Rxc1+ 23. Rxc1 Rxc1+ 24. Qxc1 Qe4 25. Bf2 Bd4 26. Nd7 Nc4
27. b3 Bxf2+ 28. Kxf2 Qd4+ 29. Ke2 Qxd7 30. bxc4 Qe6+ 31. Kd3 Qd6+ 32. Ke2 Qc5
33. Qc3 bxc4 34. a4 f6 35. a5 Qb5 36. Ke3 Kf7 37. Kd4 e5+ 38. fxe5 fxe5+ 39.
Ke4 Kf6 40. Qf3+ Ke6 41. Qg4+ Kd6 42. Qd1+ Kc6 43. Qd8 Qb1+ 44. Kf3 Qd3+   0-1

[Event "U-20 Pan-American Chess Championship Female 2022"]
[Site "(Pereira - Risaralda) Gran Hotel. Calle 19 # 9-19"]
[Date "2022.08.24"]
[Round "3"]
[Board "4"]
[White "Matus, Nastassja"]
[Black "Pacheco Jimenez, Yesenia"]
[Result "0-1"]
[WhiteElo "1976"]
[BlackElo "1653"]
[PlyCount "0"]
[EventDate "2022.08.23"]
[EventRounds "9"]
[EventCountry "COL"]

1. d4 Nf6 2. c4 g6 3. g3 Bg7 4. Bg2 c5 5. d5 d6 6. Nc3 O-O 7. Nf3 a6 8. a4 e6
9. O-O exd5 10. cxd5 Re8 11. Nd2 Nbd7 12. Nc4 Nb6 13. Na3 Qc7 14. a5 Nbd7 15.
Nc4 b5 16. axb6 Nxb6 17. Na5 Bf5 18. Re1 Ne4 19. Ra3 Nxc3 20. bxc3 Be4 21. Bxe4
Rxe4 22. f3 Ra4 23. Rxa4 Nxa4 24. Qxa4 Bxc3 25. Rd1 Qxa5 26. Qc6 Rd8 27. Bf4
Qb5 28. Qc7 Qd7 29. Qxd7 Rxd7 30. Rd3 Bb4 31. Re3 Kg7 32. Re8 h6 33. h4 a5 34.
Rc8 a4 35. Ra8 a3 36. Bc1 Kf6 37. Bxh6 Ke5 38. Bc1 Kxd5 39. Bxa3 Kc4 40. Bc1
Kb3 41. Rc8 c4 42. Kf2 d5 43. g4 Kc2 44. Bg5 Bd2 45. e3 Kd3 46. h5 gxh5 47.
gxh5 f5 48. Re8 c3 49. Bf6 c2 50. Bb2 Rb7 51. Ba3 Rb3 52. Ra8 Bxe3+ 53. Kg3 Kd2
54. Kg2 Rxa3 55. Rxa3 c1=Q   0-1

[Event "U-20 Pan-American Chess Championship Female 2022"]
[Site "(Pereira - Risaralda) Gran Hotel. Calle 19 # 9-19"]
[Date "2022.08.24"]
[Round "3"]
[Board "5"]
[White "Perez Hernandez, Vicmary C."]
[Black "Hernandez Bermudez, Manuela"]
[Result "1/2-1/2"]
[WhiteElo "1764"]
[BlackElo "1894"]
[PlyCount "0"]
[EventDate "2022.08.23"]
[EventRounds "9"]
[EventCountry "COL"]

1. e4 c5 2. Nf3 d6 3. d4 cxd4 4. Qxd4 a6 5. Be3 Nc6 6. Qd2 g6 7. Nc3 Bg7 8. Be2
Nf6 9. Nd4 O-O 10. O-O Nxd4 11. Bxd4 b5 12. a3 Bb7 13. Qe3 Nd7 14. Bxg7 Kxg7
15. Rad1 Qb6 16. Qg5 Rfe8 17. Kh1 Rac8 18. Bg4 Rc5 19. Qe3 Nf6 20. Bf3 Qc7 21.
Be2 Ba8 22. f4 Rc8 23. Rd4 Qb8 24. Qh3 a5 25. Bxb5 Rxb5 26. Nxb5 Qxb5 27. c4
Qxb2 28. Qxc8 Bxe4 29. Rxe4 Nxe4 30. Qc7 Qxa3 31. Qxe7 Qe3 32. Qh4 a4 33. Qe1
Qd4 34. Qa1 Nf2+ 35. Kg1 Nh3+ 36. Kh1 Nf2+   1/2-1/2

[Event "U-20 Pan-American Chess Championship Female 2022"]
[Site "(Pereira - Risaralda) Gran Hotel. Calle 19 # 9-19"]
[Date "2022.08.24"]
[Round "3"]
[Board "6"]
[White "Hilario, Aleyla"]
[Black "Caicedo Anguila, Juliana"]
[Result "1-0"]
[WhiteElo "1899"]
[BlackElo "1591"]
[PlyCount "0"]
[EventDate "2022.08.23"]
[EventRounds "9"]
[EventCountry "COL"]

1. d4 d5 2. c4 e6 3. Nf3 c6 4. Nc3 dxc4 5. a4 Bb4 6. e3 b5 7. Bd2 a5 8. axb5
Bxc3 9. Bxc3 cxb5 10. b3 Bb7 11. bxc4 b4 12. Bb2 Nf6 13. Bd3 O-O 14. O-O Nbd7
15. Nd2 Nb6 16. Bc2 Bc6 17. e4 h6 18. d5 exd5 19. exd5 Bd7 20. Qf3 Bc8 21. Ne4
Nxe4 22. Qxe4 f5 23. Qd4 Rf7 24. Rfd1 Raa7 25. c5 Na8 26. d6 Kh8 27. Bb3 Rf6
28. c6 Ra6 29. d7   1-0

[Event "U-20 Pan-American Chess Championship Female 2022"]
[Site "(Pereira - Risaralda) Gran Hotel. Calle 19 # 9-19"]
[Date "2022.08.24"]
[Round "3"]
[Board "8"]
[White "Lopez Mahecha, Natalia"]
[Black "Ruiz Jaraba, Valentina Sofia"]
[Result "1-0"]
[WhiteElo "1197"]
[BlackElo "1816"]
[PlyCount "0"]
[EventDate "2022.08.23"]
[EventRounds "9"]
[EventCountry "COL"]

1. e4 c5 2. Nf3 d6 3. d4 cxd4 4. Nxd4 Nf6 5. Nc3 a6 6. Be2 e6 7. O-O Qc7 8. f4
b5 9. Bf3 Bb7 10. Re1 Nbd7 11. f5 e5 12. Nb3 Rc8 13. a3 Be7 14. Be3 O-O 15. Qd2
Rfd8 16. Rac1 Nc5 17. Nd5 Bxd5 18. exd5 Nfe4 19. Qb4 Ng5 20. Bg4 Bf6 21. Na5
Qd7 22. Bxg5 Bxg5 23. f6 Qa7 24. Kf1 Nd3 25. cxd3 Rxc1 26. Rxc1 Bxc1 27. Nc6
Qe3 28. Nxd8 Qxd3+ 29. Ke1 Bf4 30. Bf3 Bxh2 31. Qd2 Bg3+ 32. Kd1 Qf1+ 33. Kc2
Bf4 34. Qd3 Qf2+ 35. Kb3 gxf6 36. Nxf7 Bc1 37. Qc2 Qe3+ 38. Ka2 Kxf7 39. Qxh7+
Ke8 40. Qg8+ Kd7 41. Qe6+ Kc7 42. Qe7+ Kc8 43. Bg4+ Kb8 44. Qxd6+ Ka7 45. Qc7+
Ka8 46. Bc8 Qa7 47. Qxc1 Kb8 48. Qc6 e4 49. Bxa6 Qf7 50. Bxb5 e3 51. Qb6+ Kc8
52. Ba6+ Kd7 53. Qc6+ Kd8 54. Qd6+ Qd7 55. Qxd7+   1-0

[Event "U-20 Pan-American Chess Championship Female 2022"]
[Site "(Pereira - Risaralda) Gran Hotel. Calle 19 # 9-19"]
[Date "2022.08.24"]
[Round "3"]
[Board "9"]
[White "Montano Vicente, Guadalupe"]
[Black "Lobo Meneses, Natalia"]
[Result "1-0"]
[WhiteElo "1644"]
[BlackElo "1319"]
[PlyCount "0"]
[EventDate "2022.08.23"]
[EventRounds "9"]
[EventCountry "COL"]

1. d4 Nf6 2. c4 g6 3. Nc3 Bg7 4. e4 d6 5. h3 O-O 6. Be3 e5 7. d5 Nbd7 8. g4 Nc5
9. Bg2 a5 10. Nge2 h5 11. g5 Nh7 12. h4 Bg4 13. Qd2 Rb8 14. O-O-O Re8 15. f3
Bc8 16. Bh3 Nf8 17. Bxc5 dxc5 18. Qe3 b6 19. Nb5 Ba6 20. Ne 1. e4 c6 2. Nc3 d5 3. Nf3 Bg4 4. h3 Bxf3 5. Qxf3 e6 6. a3 Bc5 7. d3 Nd7 8. g3
Ne7 9. Bg2 O-O 10. O-O Ng6 11. Qe2 f5 12. Na4 Bd4 13. exd5 exd5 14. Be3 Qf6 15.
Bxd4 Qxd4 16. Qe6+ Rf7 17. Nc3 Ndf8 18. Qe3 Qf6 19. Nxd5 Qxb2 20. Qc5 Rd8 21.
Qc3 Qxc3 22. Nxc3 Ne6 23. f4 Nd4 24. Rf2 Re7 25. Rb1 Nf8 26. g4 g6 27. Kh2 Nfe6
28. gxf5 gxf5 29. Rg1 Kh8 30. h4 Nc5 31. Bh3 Rde8 32. Rg5 Re3 33. Kg2 Nce6 34.
Rg3 Rxg3+ 35. Kxg3 Ng7 36. Kg2 Nh5 37. Na4 Re3 38. c3 Rg3+ 39. Kf1 Rxh3 40.
cxd4 Rxd3 41. Nc5 Rxd4 42. Nxb7 Rxf4 43. Rxf4 Nxf4 44. Nd6 Kg7 45. Nxf5+ Kf6
46. Nd4 c5 47. Nb5 a6 48. Nc7 a5 49. Kf2 Ke5 50. Kf3 c4 51. Nb5 Nd5 52. Na7 Ne7
53. Nb5 h5 54. Na7 Kd5 55. Nb5 Kc5 56. Nc3 Ng6 57. Kg3 Kd4 58. Nb5+ Kd3 59. Nd6
c3 60. Nb5 0-1c3 Rb7 21. d6 Bxb5
22. dxc7 Qxc7 23. Nxb5 Qc6 24. Rd6 Re6 25. Rxc6 Rxc6 26. Rd1 Ne6 27. Bxe6 Rxe6
28. Rd8+ Kh7 29. Kc2 f5 30. Rd6 f4 31. Qd3 Ree7 32. Qd5 Bf8 33. Rd8 Bg7 34.
Qg8#   1-0

[Event "U-20 Pan-American Chess Championship Female 2022"]
[Site "(Pereira - Risaralda) Gran Hotel. Calle 19 # 9-19"]
[Date "2022.08.24"]
[Round "3"]
[Board "10"]
[White "Escobar Villota, Domenika Gabriela"]
[Black "Guerrero Caicedo, Arlette"]
[Result "1/2-1/2"]
[WhiteElo "1520"]
[BlackElo "1531"]
[PlyCount "0"]
[EventDate "2022.08.23"]
[EventRounds "9"]
[EventCountry "COL"]

1. e4 d5 2. exd5 Nf6 3. d4 Bg4 4. Bb5+ Nbd7 5. Be2 Bxe2 6. Qxe2 Nxd5 7. Nf3 g6
8. O-O Bg7 9. c4 N5b6 10. Nc3 c5 11. d5 O-O 12. Be3 Nc8 13. Rad1 Nd6 14. Rfe1
Re8 15. Bg5 Nb6 16. Ne4 Nbxc4 17. b3 Nxe4 18. Qxe4 Nd6 19. Qe3 Rc8 20. Re2 Nf5
21. Qe4 Qb6 22. g4 Nd6 23. Qe3 Qb4 24. h3 e6 25. dxe6 Rxe6 26. Qd3 Rxe2 27.
Qxe2 Qe4 28. Be3 Qe7 29. Qd3 Ne8 30. Qd7 Qxd7 31. Rxd7 b5 32. Rxa7 c4 33. bxc4
bxc4 34. Ne1 Rb8 35. Kg2 c3 36. Nc2 Nf6 37. a4 Nd5 38. Bc5 h6 39. Ba3 Bf8 40.
Rd7 Nb4 41. Nxb4 Bxb4 42. Bxb4 Rxb4 43. Rc7   1/2-1/2

[Event "U-20 Pan-American Chess Championship Female 2022"]
[Site "(Pereira - Risaralda) Gran Hotel. Calle 19 # 9-19"]
[Date "2022.08.24"]
[Round "3"]
[Board "12"]
[White "Mercado Maestre, Maria Angel"]
[Black "Ladron De Guevara Mendez, Lorena"]
[Result "1/2-1/2"]
[WhiteElo "1310"]
[BlackElo "1378"]
[PlyCount "0"]
[EventDate "2022.08.23"]
[EventRounds "9"]
[EventCountry "COL"]

1. d4 d5 2. c4 e6 3. Nc3 c6 4. e4 dxe4 5. Nxe4 Bb4+ 6. Nc3 c5 7. a3 Ba5 8. Be3
Nf6 9. Nge2 cxd4 10. Qxd4 Qxd4 11. Bxd4 Bxc3+ 12. Nxc3 Nc6 13. Bc5 b6 14. Bd6
Bb7 15. O-O-O Ng4 16. Rd2 f6 17. h3 Nge5 18. f4 Ng6 19. b4 Kf7 20. Bd3 f5 21.
Bc2 a6 22. Rhd1 Rhd8 23. Na4 b5 24. Nb6 Ra7 25. Bc5 Rxd2 26. Rxd2 Ba8 27. Nc8
Rc7 28. Nd6+ Kg8 29. cxb5 axb5 30. Bb3 Nxf4 31. Nxf5 Na5 32. Rd8+ Kf7 33. Nd6+
Ke7 34. Nb7+ Rxc5+ 35. bxc5 Nxb3+ 36. Kb2   1/2-1/2

[Event "U-20 Pan-American Chess Championship Female 2022"]
[Site "(Pereira - Risaralda) Gran Hotel. Calle 19 # 9-19"]
[Date "2022.08.24"]
[Round "3"]
[Board "13"]
[White "Carrillo Riano, Karen Sofia"]
[Black "Susunaga Duran, Madelen Fernanda"]
[Result "1/2-1/2"]
[WhiteElo "1350"]
[BlackElo "1204"]
[PlyCount "0"]
[EventDate "2022.08.23"]
[EventRounds "9"]
[EventCountry "COL"]

1. e4 e5 2. Nf3 Nc6 3. Bc4 Bc5 4. c3 Nf6 5. d3 d6 6. b4 Bb6 7. a4 a5 8. Bd2 Bg4
9. Na3 axb4 10. cxb4 Bxf3 11. gxf3 Nd4 12. a5 Ba7 13. Bg5 h6 14. Bh4 Qe7 15.
Rc1 d5 16. Qa4+ c6 17. Bxd5 Nxf3+ 18. Kd1 Nxh4 19. Bxc6+ Nd7 20. Bxb7 Rb8 21.
Rc7 Rd8 22. Bd5 Bxf2 23. Rf1 Qf6 24. Kc2 Nf3 25. Kb2 Ne1 26. Kb1 Qf3 27. Nc2
Qe2 28. Rh1 Qxd3 29. a6 O-O 30. Rxe1 Nb6 31. Qc6 Rxd5 32. exd5 Nxd5 33. Rd7
Qb3+ 34. Kc1 Nc3 35. a7 Qb1+ 36. Kd2 Bxe1+ 37. Nxe1 Ne4+ 38. Ke2 Qb2+ 39. Nc2
Nc3+ 40. Kd3 e4+ 41. Kc4 Qxc2 42. a8=Q Ne2+ 43. Kb5 Nc3+ 44. Kb6 Rxa8 45. Qxa8+
Kh7 46. Rc7 e3   1/2-1/2

[Event "U-20 Pan-American Chess Championship Female 2022"]
[Site "(Pereira - Risaralda) Gran Hotel. Calle 19 # 9-19"]
[Date "2022.08.24"]
[Round "4"]
[Board "1"]
[White "Contreras Huaman, Fiorella"]
[Black "Pacheco Jimenez, Yesenia"]
[Result "1-0"]
[WhiteElo "1948"]
[BlackElo "1653"]
[PlyCount "0"]
[EventDate "2022.08.23"]
[EventRounds "9"]
[EventCountry "COL"]

1. e4 e6 2. d4 d5 3. Nc3 Bb4 4. e5 Qd7 5. a3 Bxc3+ 6. bxc3 b6 7. a4 Ba6 8. Bxa6
Nxa6 9. Qd3 Nb8 10. Qg3 f5 11. a5 Nc6 12. axb6 cxb6 13. Ne2 Na5 14. h4 Qf7 15.
h5 Ne7 16. Bg5 Rg8 17. Nf4 Nc4 18. O-O Nc6 19. Rfe1 Qd7 20. Qd3 Nd8 21. Bh4 Nf7
22. g4 g6 23. hxg6 hxg6 24. Bf6 fxg4 25. Qg3 Nh6 26. Qh4 Nf5 27. Qxg4 Qf7 28.
Kg2 g5 29. Nh3 Nh6 30. Qg3 Qh7 31. Nxg5 Qxc2 32. Qh3 Nf5 33. Qh5+ Kd7 34. Qf7+
Kc6 35. Qxe6+ Kc7 36. Kg1 Qd3 37. Qxd5 Nh4 38. Red1 Nf3+ 39. Kg2 Nh4+ 40. Kh2
Qe2 41. Qf7+ Kc6 42. d5+ Kc5 43. Qe7+ Nd6 44. Qxd6+   1-0

[Event "U-20 Pan-American Chess Championship Female 2022"]
[Site "(Pereira - Risaralda) Gran Hotel. Calle 19 # 9-19"]
[Date "2022.08.24"]
[Round "4"]
[Board "2"]
[White "Diaz Charpentier, Kristel Meliss"]
[Black "Garcia Andrada, Heidy Nicole"]
[Result "0-1"]
[WhiteElo "1989"]
[BlackElo "2002"]
[PlyCount "0"]
[EventDate "2022.08.23"]
[EventRounds "9"]
[EventCountry "COL"]

1. Nf3 c5 2. c4 e6 3. d4 cxd4 4. Nxd4 Qc7 5. b3 a6 6. Bb2 Nf6 7. e3 b6 8. Be2
Bb7 9. O-O Be7 10. Nc3 d6 11. Rc1 O-O 12. Bf3 Nbd7 13. Bxb7 Qxb7 14. Qe2 Nc5
15. Rfd1 Rfd8 16. f3 d5 17. cxd5 Nxd5 18. Nxd5 Rxd5 19. e4 Rd7 20. e5 Rad8 21.
Ba1 g6 22. Kf1 Rd5 23. f4 a5 24. Bc3 Na6 25. Bb2 Bc5 26. Nf3 Nb4 27. g3 Nxa2
28. Ra1 Nb4 29. Kg2 Qd7 30. Rxd5 Qxd5 31. Kh3 h6 32. Bc3 Qd3 33. Qd2 Qf5+ 34.
g4 Rxd2 35. gxf5 Rd3   0-1

[Event "U-20 Pan-American Chess Championship Female 2022"]
[Site "(Pereira - Risaralda) Gran Hotel. Calle 19 # 9-19"]
[Date "2022.08.24"]
[Round "4"]
[Board "3"]
[White "Lopez Mahecha, Natalia"]
[Black "Hilario, Aleyla"]
[Result "0-1"]
[WhiteElo "1197"]
[BlackElo "1899"]
[PlyCount "0"]
[EventDate "2022.08.23"]
[EventRounds "9"]
[EventCountry "COL"]

1. e4 e6 2. d4 d5 3. Nc3 Bb4 4. a3 Be7 5. f4 Nf6 6. e5 Nfd7 7. Nce2 c5 8. c3
Nc6 9. Nf3 b5 10. g3 Qb6 11. Be3 cxd4 12. Nexd4 Nxd4 13. Nxd4 Bc5 14. Qd2 a6
15. Bg2 Qc7 16. O-O Nb6 17. Qe2 g6 18. Kh1 Bd7 19. b4 Be7 20. Rfc1 O-O 21. Nb3
Na4 22. Bd4 Rac8 23. Qe3 Rb8 24. g4 Rfc8 25. f5 exf5 26. gxf5 Bxf5 27. Bxd5 Be6
28. Bxe6 Qc6+ 29. Kg1 Qxe6 30. Nd2 Qg4+ 31. Kh1 Bg5 32. Qe4 Qxe4+ 33. Nxe4 Bxc1
34. Rxc1 Rd8 35. Nf6+ Kg7 36. Nd7 Rxd7 37. e6+ Rxd4 38. cxd4 fxe6 39. Rc7+ Kf6
40. Rxh7 Rd8 41. Ra7 Rd6 42. Kg2 Nb2   0-1

[Event "U-20 Pan-American Chess Championship Female 2022"]
[Site "(Pereira - Risaralda) Gran Hotel. Calle 19 # 9-19"]
[Date "2022.08.24"]
[Round "4"]
[Board "4"]
[White "Hernandez Bermudez, Manuela"]
[Black "Montano Vicente, Guadalupe"]
[Result "1-0"]
[WhiteElo "1894"]
[BlackElo "1644"]
[PlyCount "0"]
[EventDate "2022.08.23"]
[EventRounds "9"]
[EventCountry "COL"]

1. e4 c5 2. Nf3 d6 3. d4 cxd4 4. Nxd4 Nf6 5. Nc3 a6 6. Bg5 Nbd7 7. Qe2 h6 8.
Bh4 e6 9. O-O-O Be7 10. f4 Qc7 11. g4 b5 12. a3 Bb7 13. Bg2 Qc4 14. Qf3 Rc8 15.
Kb1 g5 16. fxg5 Ne5 17. Qg3 hxg5 18. Bxg5 Nfxg4 19. Bxe7 Kxe7 20. Qf4 Rcg8 21.
Nf3 Qc5 22. Nd4 Nf6 23. Bf3 Nxf3 24. Qxf3 Qh5 25. Qd3 Qc5 26. b4 Qb6 27. Rd2
Rg4 28. Re1 Rhh4 29. Nf3 Bxe4 30. Rxe4 Rxe4 31. Nxh4 Rxh4 32. Qg3 Rg4 33. Qf3
Rg1+ 34. Kb2 Rg5 35. h4 Rf5 36. Qd3 Re5 37. Rh2 Re3 38. Qd2 Ne4 39. Nxe4 Rxe4
40. h5 Qg1 41. h6 Qg6 42. h7 Qg7+ 43. Qc3   1-0

[Event "U-20 Pan-American Chess Championship Female 2022"]
[Site "(Pereira - Risaralda) Gran Hotel. Calle 19 # 9-19"]
[Date "2022.08.24"]
[Round "4"]
[Board "5"]
[White "Acosta Angulo, Mariana Valentina"]
[Black "Pena Gonzalez, Clara Isabel"]
[Result "0-1"]
[WhiteElo "1489"]
[BlackElo "1833"]
[PlyCount "0"]
[EventDate "2022.08.23"]
[EventRounds "9"]
[EventCountry "COL"]

1. e4 c5 2. Nf3 Nc6 3. Bb5 g6 4. Bxc6 dxc6 5. O-O Bg7 6. h3 e5 7. d3 Qc7 8.
Nbd2 Ne7 9. Nb3 b6 10. Be3 h6 11. a4 O-O 12. a5 Be6 13. Nc1 f5 14. exf5 gxf5
15. Ne2 Ng6 16. Qc1 f4 17. Bd2 Bd5 18. axb6 axb6 19. Rxa8 Rxa8 20. Nh2 Nh4 21.
g3 f3 22. Nc3 Qd7 23. g4 Qd6 24. Nxd5 cxd5 25. Re1 Rf8 26. Bc3 b5 27. Bd2 Qf6
28. Nf1 Ng2 29. Rd1 Qh4 30. Kh2 Nf4   0-1

[Event "U-20 Pan-American Chess Championship Female 2022"]
[Site "(Pereira - Risaralda) Gran Hotel. Calle 19 # 9-19"]
[Date "2022.08.24"]
[Round "4"]
[Board "6"]
[White "Ruiz Villalba, Andrea"]
[Black "Perez Hernandez, Vicmary C."]
[Result "1/2-1/2"]
[WhiteElo "1845"]
[BlackElo "1764"]
[PlyCount "0"]
[EventDate "2022.08.23"]
[EventRounds "9"]
[EventCountry "COL"]

1. e4 c5 2. Nf3 Nc6 3. c3 d5 4. exd5 Qxd5 5. d4 Bf5 6. Be3 cxd4 7. cxd4 Bxb1 8.
Rxb1 e6 9. Be2 Bb4+ 10. Bd2 Bxd2+ 11. Qxd2 Nf6 12. O-O O-O 13. b4 Rfd8 14. Rfd1
Rac8 15. Qb2 h6 16. b5 Ne7 17. Ne5 Qd6 18. Bf3 Nfd5 19. Rbc1 Nf5 20. Be4 Rxc1
21. Rxc1 Nf4 22. Bxf5 exf5 23. g3 Nh3+ 24. Kg2 Ng5 25. h4 Qd5+ 26. Kh2 Ne6 27.
Qc2 Nxd4 28. Qc7 Re8 29. Rc5 Qxa2 30. Kg2 Qe6 31. Qxb7 f6 32. Nf3 Qa2 33. Ne5
  1/2-1/2

[Event "U-20 Pan-American Chess Championship Female 2022"]
[Site "(Pereira - Risaralda) Gran Hotel. Calle 19 # 9-19"]
[Date "2022.08.24"]
[Round "4"]
[Board "8"]
[White "Escobar Villota, Domenika Gabriela"]
[Black "Pinillo Canon, Silvana"]
[Result "0-1"]
[WhiteElo "1520"]
[BlackElo "1806"]
[PlyCount "0"]
[EventDate "2022.08.23"]
[EventRounds "9"]
[EventCountry "COL"]

1. e4 e5 2. Nf3 Nc6 3. Bb5 a6 4. Ba4 Nf6 5. d3 b5 6. Bb3 Be7 7. O-O O-O 8. Be3
d6 9. a3 Re8 10. Nc3 Bf8 11. Ng5 Re7 12. Nd5 Rd7 13. Nxf6+ Qxf6 14. Bd5 Bb7 15.
Qh5 Qg6 16. Qh3 Re7 17. f4 exf4 18. Rxf4 Nd8 19. Bb3 h6 20. Nf3 Bc8 21. Qh4 Re8
22. Nd4 Be7 23. Qf2 Bg5 24. Rf3 Bxe3 25. Qxe3 c5 26. Ne2 Qg5 27. Qf2 Ra7 28.
Rf1 Ree7 29. Nf4 Kh7 30. Nd5 Reb7 31. c3 Ne6 32. d4 Kh8 33. Rg3 Qd8 34. Bc2 Ng5
35. dxc5 dxc5 36. Qxc5 Be6 37. Kh1 Rd7 38. Rd1 Rab7 39. Qd4 Rbc7 40. h4 Rc4 41.
Qd3 Nxe4 42. Rf3 Rxd5 43. Qe2 Rxd1+ 44. Bxd1 Bg4 45. Kg1 Bxf3 46. Qxf3 Qb6+ 47.
Kh2 Qd6+ 48. Kg1 Qd2 49. Bb3 Qe1+ 50. Kh2 Qxh4+ 51. Kg1 Rc7 52. Bxf7 Qe1+ 53.
Kh2 Qg3+ 54. Qxg3 Nxg3 55. Kxg3 Rxf7   0-1

[Event "U-20 Pan-American Chess Championship Female 2022"]
[Site "(Pereira - Risaralda) Gran Hotel. Calle 19 # 9-19"]
[Date "2022.08.24"]
[Round "4"]
[Board "9"]
[White "Ruiz Jaraba, Valentina Sofia"]
[Black "Sanchez Riobo, Emily Dainne"]
[Result "1-0"]
[WhiteElo "1816"]
[BlackElo "1405"]
[PlyCount "0"]
[EventDate "2022.08.23"]
[EventRounds "9"]
[EventCountry "COL"]

1. e4 c6 2. d4 d5 3. exd5 cxd5 4. Bd3 Nf6 5. c3 Nc6 6. Bf4 h6 7. Nf3 Bg4 8.
Nbd2 e6 9. O-O Bd6 10. Bxd6 Qxd6 11. Qe1 Bxf3 12. Nxf3 Nd7 13. Qe3 O-O 14. Rae1
Rfe8 15. Ne5 f6 16. Nxd7 Qxd7 17. Bg6 Re7 18. f4 Rf8 19. Qd3 Kh8 20. Re3 Rg8
21. Rfe1 Qd6 22. Qe2 e5 23. f5 Rc7 24. Qd2 Rd8 25. b4 a6 26. a3 Ne7 27. dxe5
fxe5 28. Rxe5 Nxg6 29. Re6 Qf8 30. fxg6 Rcc8 31. Rf1 Qg8 32. Re7 Re8 33. Rff7
Rxe7 34. Rxe7 Qf8 35. Qe3 b5   1-0

[Event "U-20 Pan-American Chess Championship Female 2022"]
[Site "(Pereira - Risaralda) Gran Hotel. Calle 19 # 9-19"]
[Date "2022.08.24"]
[Round "4"]
[Board "10"]
[White "Caicedo Anguila, Juliana"]
[Black "Lobo Meneses, Natalia"]
[Result "1/2-1/2"]
[WhiteElo "1591"]
[BlackElo "1319"]
[PlyCount "0"]
[EventDate "2022.08.23"]
[EventRounds "9"]
[EventCountry "COL"]

1. d4 Nf6 2. Nf3 g6 3. b4 Bg7 4. Bb2 d6 5. c4 O-O 6. e3 Re8 7. Be2 b6 8. O-O
Bb7 9. Qb3 Nbd7 10. Nc3 e5 11. dxe5 Nxe5 12. Nxe5 dxe5 13. Rfd1 Qe7 14. Nd5
Nxd5 15. cxd5 e4 16. Bxg7 Kxg7 17. Rac1 Qd6 18. Qc3+ Re5 19. Qxc7 Qxc7 20. Rxc7
Bxd5 21. a3 Be6 22. Ba6 Rd5 23. Rdc1 Rad8 24. h3 Rd1+ 25. Rxd1 Rxd1+ 26. Kh2
Rd7 27. Rxd7 Bxd7 28. Kg3 g5 29. f3 exf3 30. Kxf3 f5 31. g4 Kf6 32. Bd3 Bc6+
33. Kf2 Be4 34. Bxe4 fxe4 35. Ke2 Ke6 36. Kd2 b5 37. Kc3 Ke5 38. Kb3 Kd5 39.
Kc3 Ke5 40. Kb3 Kd5 41. Kc3 Ke5 42. Kb3 Kd5   1/2-1/2

[Event "U-20 Pan-American Chess Championship Female 2022"]
[Site "(Pereira - Risaralda) Gran Hotel. Calle 19 # 9-19"]
[Date "2022.08.24"]
[Round "4"]
[Board "11"]
[White "Guerrero Caicedo, Arlette"]
[Black "Mercado Maestre, Maria Angel"]
[Result "1-0"]
[WhiteElo "1531"]
[BlackElo "1310"]
[PlyCount "0"]
[EventDate "2022.08.23"]
[EventRounds "9"]
[EventCountry "COL"]

1. d4 d5 2. Nf3 e6 3. g3 b5 4. e3 a6 5. a4 b4 6. Nbd2 Nf6 7. Bg2 Bb7 8. O-O c5
9. dxc5 Bxc5 10. Nd4 O-O 11. c4 bxc3 12. bxc3 Nbd7 13. N2b3 Qc7 14. Nxc5 Nxc5
15. Ba3 Rfc8 16. Rb1 Rab8 17. Qc2 Ba8 18. Rxb8 Rxb8 19. c4 Rc8 20. Rc1 Nfd7 21.
cxd5 exd5 22. Bh3 Ne6 23. Qxc7 Rxc7 24. Rxc7 Nxc7 25. Bxd7 g6 26. Bd6 Ne6 27.
Nxe6 fxe6 28. Bxe6+ Kg7 29. Be5+ Kf8 30. Bc8 a5 31. Bd7 1  1-0